书目信息 |
| 题名: |
甲级男子长拳图解
|
|
| 作者: | ;中华人民共和国体育运动委员会运动司 编 | |
| 分册: | ||
| 出版信息: | 北京 人民体育出版社 1962 |
|
| 页数: | 71页 | |
| 开本: | 20cm | |
| 丛书名: | ||
| 单 册: | ||
| 中图分类: | G852.12-64 | |
| 科图分类: | ||
| 主题词: | 武术 , 民族形式体育 | |
| 电子资源: | ||
| ISBN: | ||
| 000 | 00736nam0 2200205 450 | |
| 001 | 0654461187 | |
| 005 | 20060808150906.95 | |
| 010 | @dCNY0.21 | |
| 100 | @a20060808d1962 km y0chiy0120 ea | |
| 101 | 0 | @achi |
| 102 | @aCN@b110000 | |
| 200 | 1 | @a甲级男子长拳图解@Ajia ji nan zi chang quan tu jie@f中华人民共和国体育运动委员会运动司编@Fzhong hua ren min gong he guo ti yu yun dong wei yuan hui yun dong si bian |
| 210 | @a北京@c人民体育出版社@d1962 | |
| 215 | @a71页@c图@d20cm | |
| 606 | 0 | @a武术 |
| 606 | 0 | @a民族形式体育 |
| 690 | @aG852.12-64@v3 | |
| 711 | 0 | @a中华人民共和国体育运动委员会运动司@Azhong hua ren min gong he guo ti yu yun dong wei yuan hui yun dong si@4编 |
| 801 | 0 | @aCN@bPFT@c20060808 |
| 905 | @a10447@dG852.12-64@e118 | |
| 甲级男子长拳图解/中华人民共和国体育运动委员会运动司编.-北京:人民体育出版社,1962 |
| 71页:图;20cm |
| ISBN :CNY0.21 |
| ● |
| 相关链接 |
|
|
|
|
正题名:甲级男子长拳图解
索取号:G852.12-64/118
 
预约/预借
| 序号 | 登录号 | 条形码 | 馆藏地/架位号 | 状态 | 备注 |
| 1 | 0447370 | 204473701 | 密集书库/ [索取号:G852.12-64/118] | 在馆 |